000 00604nam a2200229Ia 4500
003 OSt
005 20220928124221.0
006 a|||||r|||| 00| 0
007 ta
008 220927b |||||||| |||| 00| 0 eng d
024 _a38887
037 _cTextual
040 _aSDCL
_cSDCL
_beng
041 _2eng
_aeng
082 _aX61.435'N8, M7
100 _aLock Lee Hock
_9463787
245 0 _aCentral banking in Malaysia.
260 _aSingapore
_bButterworths
_c1987
300 _axv,504p
_ccm.
942 _hX61.435'N8, M7
_cTEXL
_2CC
999 _c776663
_d776663